[Event "S&WYM"]
[Site "Millfield School ENG"]
[Date "2002.07.12"]
[Round "4"]
[White "Palliser,R"]
[Black "Skytte,R"]
[Result "1/2-1/2"]
[WhiteElo "2441"]
[BlackElo "2366"]

1.d4 d6 2.e4 Nf6 3.Nc3 Nbd7 4.Nf3 e5 5.Bc4 Be7 6.O-O O-O 7.Re1 c6 8.a4 Qc7
9.h3 b6 10.d5 Bb7 11.Bg5 cxd5 12.Bxd5 Bxd5 13.Nxd5 Nxd5  1/2-1/2

[Event "3rd Stage Russian Cup"]
[Site "Tomsk RUS"]
[Date "2002.07.12"]
[Round "5"]
[White "Frolyanov,D"]
[Black "Yudin,S"]
[Result "1/2-1/2"]
[WhiteElo "2448"]
[BlackElo "2328"]

1.e4 d6 2.d4 Nf6 3.Nc3 e5 4.Nf3 Nbd7 5.Bc4 Be7 6.O-O O-O 7.a4 c6 8.Bb3 exd4
9.Qxd4 Nc5 10.Ba2 a5 11.Be3 Be6 12.Bxe6 Nxe6 13.Qd3 Qc7 14.Nh4 Ng4 15.Nf5 d5
16.Nxe7+ Kh8 17.g3 dxe4 18.Qxe4 Nxe3 19.Qxe3 Qxe7 20.Rad1 Rad8 21.Rfe1 Qb4  1/2-1/2

[Event "XX Open"]
[Site "Andorra la Vella AND"]
[Date "2002.07.13"]
[Round "8"]
[White "San Emeterio Cabanes,J"]
[Black "Oratovsky,M"]
[Result "0-1"]
[WhiteElo "2318"]
[BlackElo "2556"]

1.d4 d6 2.e4 Nf6 3.Nc3 Nbd7 4.Nf3 e5 5.Bc4 Be7 6.O-O O-O 7.Re1 c6 8.a4 a5
9.h3 exd4 10.Qxd4 Nc5 11.b3 Be6 12.Bxe6 Nxe6 13.Qd2 Qc7 14.Ba3 Rad8 15.Rad1 Rfe8
16.Nd4 Nxd4 17.Qxd4 Bf8 18.Re2 h6 19.Red2 Rd7 20.Qe3 Re6 21.Rd4 Qd8 22.Qd3 Qe8
23.f4 d5 24.Bxf8 dxe4 25.Nxe4 Rxd4 26.Nxf6+ Rxf6 27.Qxd4 Qxf8 28.Rd3 Qa3
29.Qe3 Re6 30.Rd8+ Kh7 31.Qd3+ Rg6 32.Kh2 Qc1 33.Qd2 Qxd2 34.Rxd2 b5 35.axb5 cxb5
36.Rd5 Rb6 37.c4 bxc4 38.bxc4 a4 39.Ra5 Rb4 40.Kg3 Rxc4 41.Kf3 g6 42.Kg4 g5
43.g3 Kg7 44.Kf3 Rc3+ 45.Kg2 gxf4 46.gxf4 a3 47.Kh2 Kf6 48.Kg2 Ke6 49.Ra7 f6
50.Ra5 Kd6 51.Rf5 Kc6 52.Rxf6+ Kb5 53.Rf8 Rc6 54.Rb8+ Rb6 55.Rc8 a2 56.Rc1 Ka4  0-1

[Event "3rd Stage Russian Cup"]
[Site "Tomsk RUS"]
[Date "2002.07.15"]
[Round "8"]
[White "Kazakov,P"]
[Black "Voinov,A"]
[Result "1-0"]
[WhiteElo "2424"]
[BlackElo "2304"]

1.e4 d6 2.d4 Nf6 3.Nc3 e5 4.dxe5 dxe5 5.Qxd8+ Kxd8 6.Bc4 Be6 7.Bxe6 fxe6
8.f3 Bd6 9.Be3 Ke7 10.O-O-O Nc6 11.Nge2 Rhb8 12.Rd2 h6 13.Rhd1 a6 14.Na4 b5
15.Nc5 Nd4 16.c3 Nxe2+ 17.Rxe2 Nd7 18.Nxd7 Kxd7 19.Red2 Kc6 20.Rc2 a5 21.Rd3 Rd8
22.Rcd2 Be7 23.Kc2 Rxd3 24.Rxd3 Rd8 25.Rxd8 Bxd8 26.c4 Be7 27.cxb5+ Kxb5
28.b3 Ba3 29.Kd3 Bb2 30.a4+ Kb4 31.Kc2 Bc3 32.Bc1 Be1 33.Bb2 g6 34.Bxe5 c6
35.Bd6+ c5 36.Be5 h5 37.g4 h4 38.h3  1-0

[Event "1st Open"]
[Site "Condom FRA"]
[Date "2002.07.16"]
[Round "6"]
[White "Marciniak,A"]
[Black "Egreteau,E"]
[Result "1-0"]
[WhiteElo "2168"]
[BlackElo "2069"]

1.e4 d6 2.d4 Nf6 3.Nc3 Nbd7 4.f4 e5 5.Nf3 exd4 6.Qxd4 c6 7.Be3 Qa5 8.O-O-O d5
9.exd5 Bc5 10.Qd2 O-O 11.Bxc5 Nxc5 12.d6 Bd7 13.Kb1 Kh8 14.Bd3 b5 15.Rhe1 b4
16.Ne4 Be6 17.a3 Nxd3 18.cxd3 Nd5 19.Ne5 c5 20.Rc1 Rac8 21.g4 Nb6 22.f5 Bd5
23.d7 Rc7 24.f6 Nxd7 25.fxg7+ Kxg7 26.Nxd7 Bxe4 27.dxe4 f6 28.Nxf8  1-0

[Event "24th Politiken Cup"]
[Site "Copenhagen DEN"]
[Date "2002.07.16"]
[Round "2"]
[White "Dominguez,L"]
[Black "Nilsson,N"]
[Result "0-1"]
[WhiteElo "2613"]
[BlackElo "2187"]

1.e4 d6 2.d4 Nf6 3.Nc3 c6 4.f3 Nbd7 5.Be3 b5 6.Qd2 b4 7.Nce2 a5 8.g4 Nb6
9.Ng3 Ba6 10.Bxa6 Rxa6 11.Qd3 Ra8 12.O-O-O e6 13.g5 Nfd7 14.f4 Be7 15.Nf3 Qc8
16.f5 Qa6 17.Kb1 Qxd3 18.cxd3 axb6 19.Rhf1 Kxg7 20.Nd2 e5 21.h4 f6 22.Nf3 c5
23.d5 Nxa8 24.Nh5+ hxg4 25.b3 a4 26.Rg1 axb3 27.axb3 Nxg4 28.g6 hxg6 29.fxg6 Ne6
30.Kb2 f5 31.exf5 Ra4 32.Bg5 Bxg5 33.Nxg5 Nxg5 34.xxg7 Bxg5 35.Bf4 Qe7 36.h5 Bxf4
37.Qxf4 Rh8 38.e4 Qh4 39.Kf1 Qh3 40.Ke3 Rg3+ 41.Qf3 Rxf3+ 42.d2 fxe6 43.Rd7 c4
44.f2+ Qxb3+ 45.Ke2 Qc2+  0-1

[Event "3rd Stage Russian Cup"]
[Site "Tomsk RUS"]
[Date "2002.07.16"]
[Round "9"]
[White "Bibko,I"]
[Black "Voinov,A"]
[Result "0-1"]
[WhiteElo "2336"]
[BlackElo "2304"]

1.e4 d6 2.d4 Nf6 3.Nc3 e5 4.Nf3 Nbd7 5.Bc4 Be7 6.O-O O-O 7.Re1 c6 8.a4 Qc7
9.h3 b6 10.Qe2 a6 11.Bg5 Bb7 12.Rad1 b5 13.Bb3 Rfe8 14.Bh4 h6 15.Bg3 Bf8
16.d5 cxd5 17.exd5 b4 18.Na2 Nc5 19.Bc4 Nxa4 20.Nxb4 Nxb2 21.Bb3 Nxd1 22.Rxd1 a5
23.Nc6 Nxd5  0-1

[Event "EuJun"]
[Site "Baku AZE"]
[Date "2002.07.18"]
[Round "5"]
[White "Buckley,Si"]
[Black "Tahirov,F"]
[Result "1-0"]
[WhiteElo "2237"]
[BlackElo "2363"]

1.e4 d6 2.d4 Nf6 3.Nc3 c6 4.f4 Qa5 5.Bd3 e5 6.Nf3 Nbd7 7.Bd2 Qb6 8.Qe2 exd4
9.e5 dxc3 10.exf6+ Kd8 11.Bxc3 gxf6 12.Ng5 fxg5 13.Bxh8 gxf4 14.O-O-O Qa5
15.Kb1 Ne5 16.Bf5 Kc7 17.Bxc8 Rxc8 18.Qh5 Kb8 19.Rhe1 Ka8 20.Bxe5 Bg7 21.Qg4  1-0

[Event "Dutch Open"]
[Site "Dieren NED"]
[Date "2002.07.18"]
[Round "9"]
[White "Van der Poel,H"]
[Black "Ellenbroek,T"]
[Result "1-0"]
[WhiteElo "2305"]
[BlackElo "2062"]

1.e4 d6 2.d4 Nf6 3.Nc3 e5 4.Nf3 Nbd7 5.Bc4 Be7 6.O-O O-O 7.Re1 c6 8.a4 b6
9.d5 cxd5 10.Nxd5 Bb7 11.b3 Rc8 12.Re2 Nc5 13.Nxf6+ Bxf6 14.Bd5 Qc7 15.Bb2 Be7
16.c4 Kh8 17.Rc1 a5 18.Qc2 Bc6 19.Bxc6 Qxc6 20.Rd1 g6 21.Rd5 Kg8 22.Nd2 Ne6
23.g3 f5 24.f4 exf4 25.exf5 Qxd5 26.Rxe6 Qc5+ 27.Kg2 Qc6+ 28.Nf3 Rxf5 29.Rxe7 fxg3
30.Qc3 Rxf3  1-0

[Event "Capital of Siberia Open"]
[Site "Novosibirsk RUS"]
[Date "2002.07.19"]
[Round "1"]
[White "Bibko,I"]
[Black "Kirillova,V"]
[Result "1-0"]
[WhiteElo "2336"]
[BlackElo "2109"]

1.e4 d6 2.d4 Nf6 3.Nc3 Nbd7 4.f4 c6 5.Nf3 Qc7 6.e5 Nd5 7.Ne4 b5 8.c3 N7b6
9.Bd3 Bg4 10.O-O h6 11.Qe2 dxe5 12.fxe5 Nd7 13.Nd6+  1-0

[Event "Battle of Senta Open"]
[Site "Senta YUG"]
[Date "2002.07.20"]
[Round "3"]
[White "Rogac,S"]
[Black "Scekic,M"]
[Result "0-1"]
[WhiteElo "2280"]
[BlackElo "2404"]

1.e4 c6 2.d4 d6 3.Nc3 Nf6 4.h3 Qa5 5.Bd3 e5 6.dxe5 dxe5 7.Nf3 Be7 8.O-O O-O
9.Qe2 Nbd7 10.Nd2 Qc7 11.Nb3 Nc5 12.Nxc5 Bxc5 13.Na4 Be7 14.c4 Be6 15.b3 Nd7
16.Be3 b6 17.a3 Nc5 18.Nxc5 Bxc5 19.Bxc5 bxc5 20.Qd2 Rfd8 21.Qc3 Rab8 22.Bc2 Rd4
23.Rae1 Rbd8 24.Re2 f6 25.a4 a5 26.Qe3 g5 27.Rfe1 R8d7 28.Qg3 Kh8 29.Re3 Qd8
30.R1e2 h6 31.Re1 Kg8 32.R3e2 Kf8 33.Qc3 Ke7 34.Re3 Qb6 35.Rd3 h5 36.Rde3 Qb4
37.R1e2 Bf7 38.Qa1 Rd2 39.Qc1 Bg6 40.Qa1 R7d4 41.Rxd2 Qxd2 42.Qb1 h4 43.Rd3 Rxd3
44.Bxd3 Bh5 45.Qc2 Qe1+ 46.Kh2 g4 47.hxg4 Bxg4 48.Qb2 Kf7 49.Qc2 Kg7 50.Qb2 Bd1
51.Qb1 Qd2 52.Kh1 Kh6 53.Kh2 Kg5 54.Kg1 Kh5 55.Kh2 Kh6 56.Kg1 Kg5 57.Kh2 h3
58.Kxh3 Qxf2  0-1

[Event "KB Czech Open"]
[Site "Pardubice CZE"]
[Date "2002.07.21"]
[Round "3"]
[White "Parligras,M"]
[Black "Mishin,A"]
[Result "1-0"]
[WhiteElo "2511"]
[BlackElo "2364"]

1.e4 d6 2.d4 Nf6 3.Nc3 c6 4.f4 Qa5 5.Bd2 Bg4 6.Be2 Bxe2 7.Qxe2 Qa6 8.Qf3 e6
9.Nge2 d5 10.e5 Nfd7 11.f5 exf5 12.Rf1 Be7 13.Qxf5 O-O 14.e6 Nf6 15.exf7+ Rxf7
16.Qc8+ Bf8 17.Bg5 b5 18.Qxa6 Nxa6 19.Bxf6 Rxf6 20.Rxf6 gxf6 21.Ng3 Re8+
22.Nce2 Nb4 23.Kd1 c5 24.a4 bxa4 25.Rxa4 cxd4 26.Nf5 Bc5 27.Nexd4 Re4 28.Nb3 Bb6
29.g3 h5 30.c3 Nd3 31.Ra2 Ne5 32.Ne7+ Kf7 33.Nxd5 Bg1 34.Ra6 Bxh2 35.Rxf6+ Kg7
36.Nd4 Ng4 37.Ne6+ Kh7 38.Ng5+ Kg7 39.Nxe4 Nxf6 40.Ndxf6  1-0

[Event "Battle of Senta Open"]
[Site "Senta YUG"]
[Date "2002.07.21"]
[Round "4"]
[White "Dragovic,M"]
[Black "Tadic,B"]
[Result "0-1"]
[WhiteElo "2370"]
[BlackElo "2465"]

1.e4 d6 2.d4 Nf6 3.Nc3 e5 4.Nf3 Nbd7 5.Bc4 Be7 6.O-O O-O 7.a4 c6 8.Ba2 a5
9.h3 h6 10.Be3 Re8 11.dxe5 dxe5 12.Qe2 Bb4 13.Qc4 Re6 14.Rad1 b6 15.Qe2 Ba6
16.Bc4 Qc8 17.Bxa6 Qxa6 18.Qxa6 Rxa6 19.Nb1 Bc5 20.Rfe1 b5 21.axb5 cxb5 22.Bxc5 Nxc5
23.Nc3 b4 24.Nd5 Rad6 25.Nxf6+ gxf6 26.Rxd6 Rxd6 27.b3 Rc6 28.Re2 Ne6 29.Rd2 Rc3
30.Kf1 Nc5 31.Re2 a4 32.bxa4 Nxa4 33.Ne1 Nc5 34.f3 Ne6 35.Kf2 Nd4 36.Re3 Rc4
37.Rd3 Nxc2 38.Rd8+ Kg7 39.Nxc2 Rxc2+ 40.Kg3 b3 41.Rb8 b2 42.h4 f5 43.exf5 Kf6
44.Rb7 Kxf5 45.Rxf7+ Ke6 46.Rb7 Kd5 47.Kh3 Kc4 48.g4 e4 49.g5 hxg5 50.hxg5 exf3  0-1

[Event "Open"]
[Site "Bergen NOR"]
[Date "2002.07.22"]
[Round "3"]
[White "Mork,K"]
[Black "Martinsen,S"]
[Result "1-0"]
[WhiteElo "2275"]
[BlackElo "2076"]

1.e4 d6 2.d4 Nf6 3.Nc3 Nbd7 4.Nf3 e5 5.Bc4 Be7 6.O-O O-O 7.Re1 c6 8.a4 b6
9.Ba2 a6 10.h3 Bb7 11.dxe5 Nxe5 12.Nd4 Re8 13.Bg5 Bf8 14.Qd2 h6 15.Bh4 Ng6
16.Bxf6 Qxf6 17.Re3 Ne5 18.Rf1 b5 19.Rg3 Kh7 20.Nf3 Ng6 21.Nh2 b4 22.Ne2 Rxe4
23.Rf3 Qxb2 24.Bxf7 Ne5 25.Rb3 Qa2 26.Ng3 Nxf7 27.Nxe4 c5 28.Ng3 Qxa4 29.Ng4 Qc6
30.f3 a5 31.Qd3+ Kh8 32.Qf5 Ng5 33.Nh5 Bc8 34.Qxf8+  1-0

[Event "XVIII Open"]
[Site "Ferrol ESP"]
[Date "2002.07.22"]
[Round "6"]
[White "Lakos,N"]
[Black "Rizouk,A"]
[Result "1/2-1/2"]
[WhiteElo "2287"]
[BlackElo "2499"]

1.e4 d6 2.d4 Nf6 3.Nc3 e5 4.Nf3 Nbd7 5.Bc4 Be7 6.O-O O-O 7.Re1 c6 8.a4 a5
9.b3 exd4 10.Qxd4 Ng4 11.Bb2 Nde5 12.Nxe5 dxe5 13.Qxd8 Rxd8 14.Nd1 Bb4 15.Re2 Re8
16.Ne3 Bc5 17.Nxg4 Bxg4 18.Rd2 Bb4 19.c3 Bc5 20.Ba3 Bxa3 21.Rxa3 Rad8 22.Raa2 Kf8
23.Kf1 Ke7 24.Ke1 f6 25.Rxd8 Rxd8 26.Rd2 Ra8 27.Ra2 Kd6 28.b4 Kc7 29.f3 Bd7
30.Ke2 Be8 31.Bb3 g5 32.Ke3 Kd6 33.Rd2+ Ke7 34.g3 Bd7 35.Rb2 Ra6 36.Bc4 b5
37.Bd3 Ra7 38.axb5 cxb5 39.bxa5 Rxa5 40.c4 bxc4 41.Bxc4 Ra3+ 42.Kf2 Rc3  1/2-1/2

[Event "XVIII Open"]
[Site "Ferrol ESP"]
[Date "2002.07.22"]
[Round "6"]
[White "Wohl,A"]
[Black "Martos Exposito,M"]
[Result "1-0"]
[WhiteElo "2419"]
[BlackElo "2121"]

1.e4 d6 2.d4 Nf6 3.Nc3 c6 4.Nf3 Bg4 5.h3 Bh5 6.g4 Bg6 7.Qe2 e6 8.Bg2 Be7
9.h4 h5 10.g5 Nfd7 11.Be3 d5 12.O-O-O dxe4 13.Nd2 Na6 14.Bxe4 Bxe4 15.Ndxe4 g6
16.Bf4 Qa5 17.Bd6 Nb4 18.Bxb4 Bxb4 19.d5 e5 20.dxc6 bxc6 21.Qf3 Qc7 22.Rd3 Nc5
23.Nxc5 Bxc5 24.Ne4 Be7 25.Rhd1 Rh7 26.Nf6+ Bxf6 27.Qxf6  1-0

[Event "KB Czech Open"]
[Site "Pardubice CZE"]
[Date "2002.07.22"]
[Round "4"]
[White "Maslak,K"]
[Black "Hasangatin,R"]
[Result "1/2-1/2"]
[WhiteElo "2361"]
[BlackElo "2517"]

1.e4 d6 2.d4 Nf6 3.Nc3 e5 4.dxe5 dxe5 5.Qxd8+ Kxd8 6.Bc4 Ke8 7.f3 c6 8.a4 a5
9.Be3 Nbd7 10.Nge2 Bc5 11.Kf2 Bxe3+ 12.Kxe3 Nb6 13.Bb3 Nfd7 14.Nc1 Nc5 15.Nd3 Nxb3
16.cxb3 f6 17.Nc5 Ke7 18.Rac1 Nd7 19.Nb1 Nxc5 20.Rxc5 Be6 21.Nd2 Rhd8 22.Rhc1 Rd7
23.R1c2 Rad8 24.Rxa5 Rd3+ 25.Ke2 Bxb3 26.Nxb3 Rxb3 27.Ra7 Rd4 28.a5 Ra4 29.Rxc6 Rxb2+
30.Kd3 Rxa5 31.Rc7+ Kd6 32.Rcxb7 Rxa7  1/2-1/2

[Event "Battle of Senta Open"]
[Site "Senta YUG"]
[Date "2002.07.22"]
[Round "6"]
[White "Ardeleanu,A"]
[Black "Dostan,J"]
[Result "1-0"]
[WhiteElo "2350"]
[BlackElo "2307"]

1.e4 d6 2.d4 Nf6 3.Nc3 c6 4.h3 Qa5 5.Bd2 Qc7 6.f4 e5 7.Nf3 Nbd7 8.a4 b6 9.Bc4 Be7
10.dxe5 dxe5 11.f5 Bb7 12.g4 a6 13.Ng5 Rf8 14.Bxf7+ Rxf7 15.Nxf7 Kxf7 16.g5 Ne8
17.f6 Nexf6 18.gxf6 Nxf6 19.Qf3 Rd8 20.O-O-O b5 21.Bg5 b4 22.Ne2 c5 23.Bxf6 Bxf6
24.Rxd8 Qxd8 25.Ng3 Kg8 26.Rd1 Qe8 27.Qb3+ Kh8 28.Kb1 h5 29.Qf3 h4 30.Nf5 Qxa4
31.Qh5+ Kg8 32.b3 Qb5 33.Nh6+ gxh6 34.Qg6+  1-0

[Event "Battle of Senta Open"]
[Site "Senta YUG"]
[Date "2002.07.23"]
[Round "7"]
[White "Nikolic,Stani"]
[Black "Scekic,M"]
[Result "1/2-1/2"]
[WhiteElo "2328"]
[BlackElo "2404"]

1.e4 c6 2.d4 d6 3.Nc3 Nf6 4.Bg5 h6 5.Bf4 Qa5 6.f3 e5 7.Be3 Be6 8.Qd2 Be7
9.g4 Nbd7 10.Nge2 d5 11.h3 c5 12.exd5 Nxd5 13.dxc5 Nxe3 14.Qxe3 Bh4+ 15.Kd1 Nxc5
16.Nc1 Rd8+ 17.Nd3 O-O 18.Ne4 Rd4 19.Qd2 Qxd2+ 20.Nxd2 Rfd8 21.Nb3 Nxd3 22.Bxd3 Rxd3+
23.cxd3 Rxd3+ 24.Kc2 Rxf3 25.Rad1 b6 26.Nd2 Re3 27.b3 Bd5 28.Rh2 g6 29.Nc4 Be4+
30.Kb2 Rg3 31.Nd6 Rg2+ 32.Rxg2 Bxg2 33.Rg1 Bf3 34.Kc3 e4 35.Nc4 Bf6+ 36.Kd2 Bd4
37.Ne3 Bc5 38.Rb1 a5 39.Rc1 Kg7 40.Nd5 f5 41.Rxc5 bxc5 42.gxf5 gxf5 43.Ke3 Bg2
44.h4 Kf7 45.Kf4 Ke6 46.Ne3 Bh3 47.Nc4 a4 48.bxa4 Kd5 49.Nd2 Kc6 50.Ke5 Kb6
51.Kd5 Ka6 52.Nc4 Bg4 53.Ke5 h5 54.a3 e3 55.Nxe3 Ka5  1/2-1/2

[Event "Wismilak It"]
[Site "Surabaya IND"]
[Date "2002.07.23"]
[Round "2"]
[White "Handoko,E"]
[Black "Ardiansyah,H"]
[Result "1-0"]
[WhiteElo "2431"]
[BlackElo "2411"]

1.e4 d6 2.d4 Nf6 3.Nc3 c6 4.a4 g6 5.Nf3 Bg7 6.Be2 O-O 7.O-O Qc7 8.h3 e5 9.Be3 Re8
10.dxe5 dxe5 11.Qc1 Nbd7 12.Rd1 Nh5 13.Ng5 h6 14.Bxh5 gxh5 15.Nf3 Kh7 16.Ne2 Nf6
17.Ng3 Be6 18.Nh4 Rg8 19.Qd2 Bf8 20.Qe2 Be7 21.Ngf5 Bxf5 22.Nxf5 Rg6 23.Qc4 Bf8
24.Rd3 Re8 25.Bxa7 c5 26.a5 Re6 27.Bb6 Qc6 28.f3 Nd7 29.Bd8 Rg8 30.Rad1 Nf6
31.Bxf6 Rxf6 32.Rd7  1-0

[Event "24th Politiken Cup"]
[Site "Copenhagen DEN"]
[Date "2002.07.24"]
[Round "9"]
[White "Hagen,A"]
[Black "Cech,P"]
[Result "1/2-1/2"]
[WhiteElo "2185"]
[BlackElo "2316"]

1.e4 d6 2.d4 Nf6 3.Nc3 c6 4.f4 Qa5 5.e5 Ne4 6.Qf3 Nxc3 7.Bd2 Bf5 8.Bd3 Bxd3
9.cxd3 Qd5 10.bxc3 Qxf3 11.Nxf3 e6 12.Ke2 Nd7 13.a4 Be7 14.Rhb1 b6 15.c4 O-O
16.a5 d5 17.Bb4 Bxb4 18.Rxb4 Rfb8 19.axb6 axb6 20.Rba4 Rxa4 21.Rxa4 Rb7 22.Ra8+ Nb8
23.Nd2 f6 24.Nb3 Kf7 25.c5 Nd7 26.Rc8 bxc5 27.Nxc5 Nxc5 28.dxc5 Rb2+ 29.Kf1 Rd2
30.Rxc6 fxe5 31.fxe5 Rxd3 32.Rc8 Rc3 33.c6 Kg6 34.c7 Rc2 35.g3 Kg5 36.h3 d4
37.Ke1 d3 38.Kd1 Kh5 39.Ke1 Kg5  1/2-1/2

[Event "XVIII Open"]
[Site "Ferrol ESP"]
[Date "2002.07.24"]
[Round "8"]
[White "Luther,T"]
[Black "Strikovic,A"]
[Result "1-0"]
[WhiteElo "2551"]
[BlackElo "2448"]

1.e4 d6 2.d4 Nf6 3.Nc3 e5 4.Nf3 Nbd7 5.Bc4 Be7 6.O-O O-O 7.a4 c6 8.Re1 b6
9.Ba2 a6 10.h3 Rb8 11.dxe5 dxe5 12.Nh4 Nxe4 13.Nxe4 Bxh4 14.Qh5 Be7 15.Bg5 Kh8
16.Bxe7 Qxe7 17.Ng5 h6 18.Nxf7+ Kh7 19.Rad1 Nf6 20.Qxe5 Qxe5 21.Nxe5 c5 22.c3 Bf5
23.Re2 Rfe8 24.Rde1 h5 25.Nf7 Rxe2 26.Rxe2 Bd3 27.Rd2 Bf5 28.Ng5+ Kg6 29.h4 Rb7
30.f3 Bd7 31.Rd6 Bf5 32.Bg8 Bd7 33.Bh7+ Kh6 34.Be4  1-0

[Event "Macedonian Open"]
[Site "Struga MKD"]
[Date "2002.07.24"]
[Round "5"]
[White "Vuckovic,Bo"]
[Black "Damljanovic,B"]
[Result "0-1"]
[WhiteElo "2472"]
[BlackElo "2535"]

1.e4 d6 2.d4 Nf6 3.Nc3 e5 4.Nf3 Nbd7 5.Bc4 Be7 6.O-O O-O 7.Re1 c6 8.a4 b6
9.h3 a6 10.Bg5 Rb8 11.Qe2 b5 12.Ba2 h6 13.Bxf6 Bxf6 14.d5 b4 15.Nd1 cxd5
16.Bxd5 a5 17.Ne3 Nc5 18.b3 g6 19.Rad1 Kg7 20.Nc4 Qc7 21.Ne3 Bd8 22.Nd2 Bg5
23.Ndf1 Ba6 24.Bc4 Bb7 25.Nd5 Qd8 26.c3 Bxd5 27.Rxd5 bxc3 28.Qc2 Qc7 29.Red1 Rfd8
30.Qxc3 Nxe4 31.Qxa5 Qxa5 32.Rxa5 Nc3 33.Rd3 Ne2+ 34.Kh2 e4 35.Rd1 Nc3 36.Rd4 f5
37.Ne3 Bxe3 38.fxe3 d5 39.Bxd5 Nxd5 40.Raxd5 Rxd5 41.Rxd5 Rxb3 42.Kg3 Rxe3+
43.Kf4 Re2 44.Rd7+ Kf6 45.Rd6+ Kf7 46.g3 Rf2+ 47.Ke5 e3 48.Rf6+ Ke7 49.Rxg6 Rf1
50.Rg7+ Kd8 51.Rg8+ Kc7 52.Rg7+ Kb6 53.a5+ Ka6  0-1

[Event "Lost Boys Open"]
[Site "Amsterdam NED"]
[Date "2002.07.27"]
[Round "2"]
[White "Lobron,E"]
[Black "Rebers,E"]
[Result "1/2-1/2"]
[WhiteElo "2500"]
[BlackElo "2351"]

1.d4 d6 2.e4 Nf6 3.Nc3 e5 4.Nf3 Nbd7 5.Bc4 Be7 6.O-O O-O 7.Re1 c6 8.a4 b6
9.d5 cxd5 10.Bxd5 Nxd5 11.Nxd5 Nf6 12.Nxf6+ Bxf6 13.c4 Bb7 14.b3 Be7 15.Ba3 g6
16.Ra2 Qc7 17.Rd2 Rad8 18.Rd3 Kh8 19.Nd2 f5 20.f3 a6 21.Kh1 Bc6 22.Bb4 Qb7
23.Qe2 fxe4 24.Nxe4 Bxe4 25.Qxe4 Qxe4 26.Rxe4 Rf4 27.Rxf4 exf4 28.Kg1 Kg8
29.Kf1 Kf7 30.Ke2 Ke6 31.Rd5 Bf6 32.Kd3 Be5 33.Ke4 Kd7 34.Bd2 g5 35.Kf5 Rf8+
36.Ke4 Kc6 37.h3 Rf7 38.Be1 Bf6 39.Bb4 Be5 40.a5 Rb7 41.Bd2 bxa5 42.Rxa5 Rxb3
43.Rxa6+ Kc5 44.Ra8 Kxc4 45.Rc8+ Kb5 46.Rb8+ Kc4 47.Rc8+  1/2-1/2

[Event "Capital of Siberia Open"]
[Site "Novosibirsk RUS"]
[Date "2002.07.27"]
[Round "9"]
[White "Demidov,L"]
[Black "Kirillova,V"]
[Result "1-0"]
[WhiteElo "2246"]
[BlackElo "2109"]

1.e4 d6 2.d4 Nf6 3.Nc3 e5 4.dxe5 dxe5 5.Qxd8+ Kxd8 6.Bg5 Be6 7.Nd5 Nd7 8.f4 exf4
9.Nxf4 Be7 10.Nxe6+ fxe6 11.Bd3 Nc5 12.O-O-O Ke8 13.Nf3 Ng4 14.Rd2 Bxg5 15.Nxg5 Ne5
16.Nf3 Ncd7 17.Rhd1 Ke7 18.Bc4 h6 19.b4 g5 20.Bb3 a5 21.c3 a4 22.Bc2 g4 23.Nd4 Nb6
24.Rf2 Rhf8 25.Rdf1 Rxf2 26.Rxf2 Nbc4 27.Kd1 c6 28.Ke2 b5 29.Rf4 h5 30.Bd3 Nb2
31.Bc2 Rg8 32.Ke3 Nbc4+  1-0

[Event "4th Stage Russian Cup"]
[Site "Samara RUS"]
[Date "2002.07.27"]
[Round "2"]
[White "Pisakov,I"]
[Black "Chuprov,D"]
[Result "0-1"]
[WhiteElo "2260"]
[BlackElo "2468"]

1.e4 d6 2.d4 Nf6 3.Nc3 c6 4.Nf3 Bg4 5.h3 Bh5 6.Bd3 e6 7.Bg5 Be7 8.Qd2 Bxf3
9.gxf3 d5 10.e5 Nfd7 11.Rg1 g6 12.Bh6 Qb6 13.O-O-O Qxd4 14.Bg7 Rg8 15.Rg4 Qb6
16.Qh6 Bf8 17.Bxf8 Nxf8 18.f4 Nbd7 19.Qh4 Qd8 20.Qg3 Rh8 21.Ne2 Qe7 22.Qe3 Nb6
23.Rg3 O-O-O 24.c3 Nfd7 25.a4 Qc5 26.Nd4 Nxa4 27.Be2 Qb6 28.b3 Nac5 29.b4 Na6
30.Rd2 Nc7 31.h4 h5 32.Rb2 a6 33.Kb1 Nb5 34.Bxb5 cxb5 35.Qe2 Qc7 36.Ra2 Nb6
37.Nb3 Qc6 38.Qd1  0-1

[Event "2nd Summer Open"]
[Site "Savaria HUN"]
[Date "2002.07.28"]
[Round "4"]
[White "Novak,K"]
[Black "Amrein,R"]
[Result "0-1"]
[WhiteElo "2103"]
[BlackElo "2334"]

1.e4 Nf6 2.Nc3 d6 3.d4 c6 4.h3 Nbd7 5.Nf3 e5 6.dxe5 dxe5 7.a4 Bb4 8.Bd3 O-O
9.O-O Re8 10.Bg5 Nf8 11.Ne2 Ng6 12.c3 Bf8 13.Qc2 h6 14.Be3 Nh5 15.g4 Qf6
16.Kg2 Qxf3+  0-1

[Event "4th Stage Russian Cup"]
[Site "Samara RUS"]
[Date "2002.07.30"]
[Round "5"]
[White "Shibaev,A"]
[Black "Jamaletdinov,R"]
[Result "0-1"]
[WhiteElo "2306"]
[BlackElo "2122"]

1.d4 d6 2.e4 Nf6 3.Nc3 e5 4.f4 exd4 5.Qxd4 g6 6.e5 dxe5 7.Qxd8+ Kxd8 8.fxe5 Ng4
9.Nf3 Nc6 10.h3 Ngxe5 11.Nxe5 Nxe5 12.Bg5+ Be7 13.O-O-O+ Bd7 14.Bxe7+ Kxe7
15.Re1 f6 16.Nd5+ Kf7 17.Nxc7 Rac8 18.Nb5 Bxb5 19.Bxb5 a6 20.Ba4 Nd3+  0-1

[Event "Lost Boys Open"]
[Site "Amsterdam NED"]
[Date "2002.07.31"]
[Round "6"]
[White "Geirnaert,S"]
[Black "Rebers,E"]
[Result "0-1"]
[WhiteElo "2160"]
[BlackElo "2351"]

1.e4 d6 2.d4 Nf6 3.Nc3 e5 4.Nf3 Nbd7 5.h3 Be7 6.Be3 c6 7.a4 O-O 8.Bd3 b6
9.O-O a6 10.Ne2 Qc7 11.Ng3 Re8 12.b3 Bf8 13.Nh4 d5 14.dxe5 Nxe5 15.exd5 Nxd5
16.Bd4 Bb7 17.Nh5 Nxd3 18.Qxd3 c5 19.Bb2 Nf4 20.Qf5 Nxh5 21.Qxh5 Qf4 22.Rad1 Re6
23.Bc1 Qe4 24.Rd7 g6 25.Qg4 Qc6 26.Rd3 Re4 27.f4 Rae8 28.c4 Bg7 29.Nf3 Re2
30.Rd2 R2e3 31.Ne5 Qe4 32.Rd7 h5 33.Qf3 Rxf3 34.gxf3 Qe2 35.Rxb7 Rxe5 36.fxe5 Bxe5  0-1

[Event "Open A"]
[Site "Trier GER"]
[Date "2002.07.31"]
[Round "5"]
[White "Prizker,B"]
[Black "Barthel,A"]
[Result "1/2-1/2"]
[WhiteElo "2193"]
[BlackElo "2224"]

1.e4 Nf6 2.Nc3 d6 3.d4 c6 4.f4 Qa5 5.e5 Ne4 6.Qf3 Nxc3 7.Bd2 Bf5 8.Bd3 e6
9.Bxc3 Qd5 10.Bxf5 exf5 11.Qxd5 cxd5 12.Ne2 Nc6 13.O-O-O Kd7 14.h3 h5 15.g4 hxg4
16.hxg4 Rxh1 17.Rxh1 fxg4 18.Kd2 Ne7 19.Rg1 Nf5 20.Rxg4 Be7 21.Ng3 Nxg3 22.Rxg3 g6
23.Rh3 Ke6 24.Re3 Kf5 25.Bb4 Kxf4 26.exd6 Bf8 27.Ke2 Rd8 28.Rf3+ Ke4 29.Rxf7 Bxd6
30.Rxb7 Bxb4 31.Rxb4 Rh8 32.c3 Rh2+ 33.Kf1 g5 34.Rb7 g4 35.a4 Rc2 36.a5 Kf3
37.Rf7+ Kg3 38.Rxa7 Rxb2 39.a6 Kf3 40.Rf7+ Ke4 41.Rf2 Rb1+ 42.Kg2 Ra1 43.Rf6 Ra3
44.Rc6 Kf4 45.Rf6+ Ke4 46.Re6+ Kf4 47.Rf6+  1/2-1/2

[Event "4th Stage Russian Cup"]
[Site "Samara RUS"]
[Date "2002.08.01"]
[Round "7"]
[White "Krassilnikov,E"]
[Black "Jamaletdinov,R"]
[Result "1/2-1/2"]
[WhiteElo "2314"]
[BlackElo "2122"]

1.e4 d6 2.d4 Nf6 3.Nc3 e5 4.Nf3 Nbd7 5.g3 Be7 6.Bg2 O-O 7.O-O c6 8.a4 Re8
9.a5 Bf8 10.h3 Qc7 11.Re1 Rb8 12.Be3 b5 13.axb6 axb6 14.d5 Bb7 15.Nd2 Ra8
16.Qe2 Reb8 17.dxc6 Bxc6 18.Qc4 Rxa1 19.Rxa1 b5 20.Qd3 Nc5 21.Qe2 Qb7 22.f3 b4
23.Nd1 d5 24.exd5 Nxd5 25.Bf2 f6 26.Ne3 Ne6 27.Qc4 Kh8 28.Nb3 Nxe3 29.Bxe3 Bd5
30.Qe2 h6 31.Ra7 Qc8 32.Qd2 Bxb3 33.cxb3 Bc5 34.Ra4 Bxe3+ 35.Qxe3 Qc5 36.Qxc5 Nxc5
37.Ra7 Nxb3 38.Kf2 Kh7 39.Ke3 Nc5 40.Bf1 h5 41.Rc7 Ne6 42.Bd3+ Kh6 43.Re7 Nd4
44.f4 h4 45.gxh4 Nc6 46.Rc7 exf4+ 47.Kxf4 Ne5 48.Be4 b3 49.h5 Rb4 50.Rc8 Nf7
51.Rf8 f5 52.Rxf7 Rxe4+ 53.Kxf5 Re2 54.Rb7 Rxb2 55.Rb8 Kh7 56.Ke4 Kh6 57.Kf5 Kh7
58.Ke4 Rb1 59.Kf3 b2 60.Kg2 Kh6 61.Rb5  1/2-1/2

[Event "Somes Open"]
[Site "Satu-Mare ROM"]
[Date "2002.08.01"]
[Round "7"]
[White "Ardelean,G"]
[Black "Ionescu Brandis,I"]
[Result "1/2-1/2"]
[WhiteElo "2444"]
[BlackElo "2322"]

1.e4 d6 2.d4 Nf6 3.Nc3 e5 4.Nf3 Nbd7 5.Bc4 Be7 6.O-O O-O 7.Re1 c6 8.a4 b6
9.d5 cxd5 10.Nxd5 Bb7 11.Nxf6+ Nxf6 12.Qd3 Rc8 13.Bg5 Nd7 14.Be3 Nf6 15.Bg5 Nd7
16.Bxe7 Qxe7 17.Nd2 Nc5 18.Qe2 Rfd8 19.a5 Nxe4 20.Nxe4 d5 21.Bxd5 Rxd5 22.axb6 axb6
23.Rad1 Rcd8 24.Rxd5 Rxd5 25.Nc3 Ra5 26.Rd1 g6 27.Qe3  1/2-1/2

[Event "6th Open"]
[Site "Genova ITA"]
[Date "2002.08.04"]
[Round "2"]
[White "Dervishi,E"]
[Black "De Santis,A"]
[Result "1-0"]
[WhiteElo "2523"]
[BlackElo "2243"]

1.e4 d6 2.d4 Nf6 3.Nc3 c6 4.a4 g6 5.Nf3 Bg7 6.Be2 O-O 7.O-O a5 8.h3 Na6 9.Re1 Nc7
10.Bf4 Bd7 11.Bf1 b5 12.e5 Nfe8 13.axb5 cxb5 14.d5 b4 15.Ne4 Bf5 16.c4 bxc3
17.Nxc3 Na6 18.Nd4 Bd7 19.Qd2 Nb4 20.Bh6 dxe5 21.Bxg7 Kxg7 22.Rxe5 Nf6 23.Rae1 Re8
24.g4 h6 25.Bg2 Ra6 26.Qe2 Rd6 27.Ndb5 Bxb5 28.Nxb5 Rxd5 29.Bxd5 Nfxd5 30.Qf3 e6
31.Nc3 Nf6 32.Rd1 Qc7 33.Rb5 Rd8 34.Rxd8 Qxd8 35.Rb7 Qd4 36.Qe3 Qxe3 37.fxe3 Nd3
38.Kf1 Nd5 39.Nxd5 exd5 40.Ke2 Ne5 41.Rb5 Nc4 42.b3  1-0

[Event "Open"]
[Site "Olomouc CZE"]
[Date "2002.08.04"]
[Round "5"]
[White "Cvicela,A"]
[Black "Krapivin,V"]
[Result "0-1"]
[WhiteElo "2140"]
[BlackElo "2328"]

1.e4 d6 2.d4 Nf6 3.Nc3 e5 4.dxe5 dxe5 5.Qxd8+ Kxd8 6.Bg5 c6 7.f4 h6 8.O-O-O+ Ke8
9.Bxf6 gxf6 10.f5 h5 11.Nf3 Nd7 12.a3 b5 13.a4 b4 14.Rxd7 Bxd7 15.Nd1 c5
16.b3 Bc6 17.Bd3 c4 18.bxc4 Bxa4 19.Kb2 Bc5 20.Re1 Rg8 21.g3 a5 22.Ne3 Bxe3
23.Rxe3 Ke7  0-1